00959nam a2200205Ia 4500008004100000020002200041050001900063100002000082245007200102250001100174260004000185300002600225500016700251600006200418650002000480942001200500952011100512952011300623999001700736120626s9999 xx 000 0 und d a978-968-18-6373-9 aBF125 V43 2012 aVidales, Ismael aPsicología general / Ismael Vidales, Flavio Vidales, Idolina Leal a2a ed. aMéxico : Limusa, Noriega Editores a239 p. : il. ; 23 cm. aEducación Mixta Psicología PSICOLOGÍA EXPERIMENTAL P21 Libro 3 (06 002570) \El ej. 2 (06 002570) viene publicado como 2012, peroe s la misma obra que el 1 aI. Vidales, Flavio, coaut. II. Leal, Idolina, coaut.  a1. Psicología 2lcccLB 00104070a22b22d2011-11-10l5m1oBF125 V43 2007p06 001660r2023-06-13s2023-06-03t1w2012-06-26yLB 00102lcc4070a22b22d2008-04-14l8oBF125 V43 2012p06 002570r2023-06-21s2023-06-21t2w2014-04-08yLB c65839d65839